000 00277nam a22001337a 4500
008 170825b xxu||||| |||| 00| 0 eng d
020 _a9780205022045
041 _aeng
080 _a070
100 _a39
101 _aMED
245 _aREAL TEXTS
_cWARD.D
942 _2udc
_cBK
999 _c25116
_d25116